LEADER 00932nam a2200217 i 4500 001 000000163856 003 CaOOAMICUS 005 20070821000000.0 008 070821s1939 it u000 u ita u 013 $a141223 040 $aSeMil$bita 100 1 $aBeltrami, Alessandro.$0(OLS)http://semarc/name/50198 245 10$aPiccole poesie :$bper auguri, feste, ricorrenze, accademie, cerimonie, visite, saggi, trattenimenti ecc... /$cA. Beltrami. 250 $a3. Ed. con aggiunta di nuove poesie. 260 $aMilano :$bMajocchi,$c1939. 300 $a184 p. ;$c19 cm. 850 $aSeMil 852 $aSeMil$W1$xVenegono$y1$m1C II 292$j248019$B115150$CSeMilBibl$Z2$F126017 $81 961 $aRecupero: Altro 996 $6245$aPiccole poesie :$bper auguri, feste, ricorrenze, accademie, cerimonie, visite, saggi, trattenimenti ecc...$9(OLS)http://semarc/title/233800 996 $6260$aMilano :$bMajocchi$9(OLS)http://semarc/publisher/31056 LEADER 00944nam a2200229 i 4500 001 000000231549 003 CaOOAMICUS 005 20221026124713.0 008 140804s1770 it u000 u ita u 013 $a210452 026 $aA.c. 7.o. 2.ga (f(d (3) 1770 (R) 040 $aSeMil$bita 245 10$a14: Tomo 14. postumo dei Re terzo. 300 $a[4], 328 p. 500 $aSegn.: pg2 A-2S4 773 0 $aGranelli, Giovanni, $tIstoria santa dell'Antico Testamento spiegata in lezioni morali, istoriche, critiche, e cronologiche da Giovanni Granelli ..$dIn Parma : Nella Regio-Ducale Stamperia degli Eredi Monti, 1765-1771.$g14$w()30258 850 $aSeMil 852 $aSeMil$W1$xVenegono$y1$m2W III 14 FA$j181895$B181895$CSeMilBibl$Z2$F192769 $8I 941 1 $a10 961 $aRecupero: Mantegazza 996 $6245$a14: Tomo 14. postumo dei Re terzo$9(OLS)http://semarc/title/330621